| 000 | 00471pab a2200169 454500 | ||
|---|---|---|---|
| 008 | 180718b2017 xxu||||| |||| 00| 0 eng d | ||
| 100 | _aSarkar, Anirban | ||
| 245 | _aThe role of FDI in the automobile sector in India: a var approach | ||
| 260 | _c2017 | ||
| 300 | _ap.92-100. | ||
| 362 | _aApr-Sep | ||
| 650 | _aAutomobiles - India | ||
| 650 | _aForeign investment | ||
| 700 | _aMukherjee, Sudip | ||
| 773 | _aJournal of Accounting and Finance | ||
| 909 | _a116657 | ||
| 999 |
_c116651 _d116651 |
||